Famous Wars by Years - Statistics

General Stats
  • This quiz has been taken 164 times
    163 since last reset
  • The average score is 7 of 15
Answer Stats
Years War % Correct
1914-1918 World War I
99%
1939-1945 World War II
99%
1956-1975 Vietnam War
75%
1950-1953 Korean War
65%
2003-2011 Iraq War
62%
1861-1865 American Civil War
60%
2001- Afghan War
50%
1775-1783 American Revolution
46%
1917-1922 Russian Civil War
36%
1792-1799 French Revolution
35%
264-241 BC First Punic War
22%
218-201 BC Second Punic War
22%
149-146 BC Third Punic War
18%
1194-1184 BC* Trojan War
17%
1095-1291 The Crusades
10%
No matching quizzes found
Score Distribution
Percent of People with Each Score
Percentile by Number Answered
Your Score History
You have not taken this quiz since the last reset